Mercado, plan, crecimiento, estabilidad en la Argentina (Registro nro. 15127)

Detalles MARC
000 -LEADER
fixed length control field 00334 a2200109 4500
001 - CONTROL NUMBER
control field ART_17824
005 - DATE AND TIME OF LATEST TRANSACTION
control field 20260410161700.0
008 - FIXED-LENGTH DATA ELEMENTS--GENERAL INFORMATION
fixed length control field 260409a
100 1# - MAIN ENTRY--PERSONAL NAME
Personal name Sturzenegger, Adolfo
245 10 - TITLE STATEMENT
Title Mercado, plan, crecimiento, estabilidad en la Argentina
773 0# - HOST ITEM ENTRY
Title Ensayos Económicos
Related parts - Nº 31 (sep. 1984)
Record control number REV620

No hay ítems disponibles.